Vrstevnice

Bibliographic Details
Main Authors: Rabada, Matej (Author, Photographer), Ševčíková, Eva, 1974- (Author)
Format: Article
Language:Slovak
PhysicalDescription:Fotogr.
ISSN:1335-5457
Subjects:
Online Access:http://www.uluv.sk/sk/web/casopis-rud/archiv/rok-2015/rud-022015/vrstevnice/

MARC

LEADER 00000nab a2200000 a 4500
001 vtls010692395
003 SK-MaSNL
005 20260303164014.0
008 150714c2015 xo qr0p 000 a slo
015 |a SNBRB2015 
038 |a BAULUV 
040 |a BAULUV  |b slo  |c BAULUV  |e AACR2 
041 |a slo  |b eng 
044 |a xo  |c SK 
072 7 |a 74  |x Kresba. Umelecké remeslá  |2 konspekt 
080 |a 745.52  |2 2001 
080 |a 677.074/.077  |2 2001 
080 |a 633.86  |2 2001 
100 1 |a Rabada, Matej  |4 aut  |4 pht  |9 548474 
245 1 0 |a Vrstevnice  |c Matej Rabada, Eva Ševčíková 
300 |b Fotogr. 
650 0 7 |a študentské práce  |2 SNKPH  |9 275897 
650 0 7 |a modrotlač  |2 SNKPH  |9 55006 
650 0 7 |a textilné techniky  |2 SNKPH  |9 87061 
650 0 7 |a textílie  |2 SNKPH  |9 26276 
650 0 7 |a Blueprint  |2 SNKPHeng  |9 329933 
650 0 7 |a Indigo dyeing  |2 SNKPHeng  |9 1091926 
650 0 7 |a Student theses  |2 SNKPHeng  |9 275898 
650 0 7 |a Textile fabrics  |2 SNKPHeng  |9 278697 
651 7 |a Párnica (Slovensko)  |2 SNKPH  |9 60194 
700 1 |a Ševčíková, Eva,  |d 1974-  |4 aut  |9 540833 
773 0 |t Remeslo, umenie, dizajn  |p RUD  |g Roč. 16, č. 2 (2015), s. 12-14  |x 1335-5457 
852 |a BAULUV  |b KIS3GCP 
856 2 |u http://www.uluv.sk/sk/web/casopis-rud/archiv/rok-2015/rud-022015/vrstevnice/ 
958 |a SK 
958 |a RBX 
999 |c 2062707  |d 2064637